MDQL
is popping MORE tags! Check the
thread
!
Quizzes
Events
Quiz Creation
Community
Videos
Private Events
Remove Ads
Sign In
Join for FREE
Feedback
Dark Mode
Quiz Categories
Sports
Geography
Music
Movies
Television
Just For Fun
Miscellaneous
History
Literature
Language
Science
Gaming
Entertainment
Religion
Holiday
For Kids
Quiz Lab
Recent
Popular Today
Quiz Kudos Today
Editor Picks
Curator Picks
Quizzes by...
Day
Popularity
Type
Ratings
Length
Year
Community
Subscriptions
Recent Discussions
Orange Saloon
Badges
Playlists
Quests
Create
Leaderboards
Showdown
Live 5
Trivia Bingo
Activity
Puzzle Library
Sporcle Events
Private Events
Virtual Trivia
Globe League
Become a Host
Pub Owners
SporcleCon
Opinionation
Our Games
Videos
Blog
Mobile Apps
Partnerships
Remove Ads and Go Orange
Feedback
Television
TV Characters
TV Show
Sitcom
Network
Friends
Reality Shows
Cast
South Park
Star Trek
The Simpsons
Doctor Who
Television
TV Characters
TV Show
Sitcom
Network
Friends
Reality Shows
Cast
South Park
Star Trek
The Simpsons
Doctor Who
Random Quiz
Search Sporcle
×
Quiz Lab
Quiz Lab
Television
Actor
Type in answers that appear in a list
Type in answers that appear in a list
Classic
Best Score? Go Orange.
Name the Buffy Characters Stats
Can you name the Buffy Characters?
By
lugosi
7m
36 Questions
1,088 Plays
1,088 Plays
1,088 Plays
Comments
Comments
Give Quiz Kudos
Give Quiz Kudos
-
- Ratings
hide this ad
Replay
Link that replays current quiz
Next Quiz
Link to next quiz in quiz playlist
You Got
0%
They Got
Avg Score
84%
Avg Friend Score
Upgrade to see
Score Distribution
Jump to the score distribution portion of the page
Score
0/36
Timer
07:00
0
Plays Today
Character
Character Name
% Correct
Slayer's Sidecick, Witch
Willow Rosenberg
99.7%
Vampire Slayer
Buffy Summers
99.6%
Vampire, Slayer's Lover
Angel
99.4%
Slayer's Sidecick
Xander Harris
99.3%
Vampire, Slayer's Lover
Spike
99.3%
Slayer's Watcher
Rupert Giles
99.2%
Slayer's Sister
Dawn Summers
98.3%
Vampire Slayer
Faith
97.4%
Cheerleader
Cordelia Chase
96.9%
Vengeance Demon
Anya
95.6%
Witch
Tara Maclay
95.4%
Werewolf
Oz
94.9%
Slayer's Mother
Joyce Summers
94.6%
Slayer's Lover, Initiative Member
Riley
94.3%
Vampire
Drusilla
93.9%
King Vampire
The Master
93.6%
Slayer's Watcher
Wesley
92.5%
Vampire
Darla
90%
Character
Character Name
% Correct
God
Glory
90%
Season 4 Villian, Hybrid
Adam
89.6%
Vampire Slayer
Kendra
89.4%
Cheerleader, Vampire
Harmony
87.6%
Season 3 Villain
The Mayor
87%
Member of the Trio
Jonathan Levinsin
85.9%
Member of the Trio
Andrew Wells
85.7%
Member of the Trio
Warren Mears
85.2%
Preacher
Caleb
79%
Witch's Girlfriend, Potential Slayer
Kennedy
75.3%
Principal, Eaten by Mayor
Principal Snyder
70.1%
Werewolf
Veruca
67.9%
Principal, Eaten by Students
Principal Flutie
63.1%
Original Evil
The First Evil
57.7%
Season 4 Vampire
Sunday
53.5%
Witches' Cat
Miss Kitty Fantastico
52.3%
Hoofed Vampire
Kakistos
48.3%
Pagan Teacher
Jennifer Calender
47.3%
Quiz Playlist
Details
Report
Send in Message
Add To Playlist
Classic:
Type in answers that appear in a list
Last Updated: Feb 16, 2017
Quiz Scoreboard
CHALLENGE
Sign Up to Join the Scoreboard
Show All
Scores
Hide
Comments
May contain spoilers
Recently Published
5x2 Blitz: Bands
by SL_Kpop136
Music
30s
Colored Red Africa Blitz
by spor1
Geography
30s
Find the 'City' Movie
by crazypaving
Movies
60s
More to Explore
Quiz From the Vault
Featured Blog Post
14 Easter Pick-up Lines to Find Eggs With
hide this ad
You Might Also Like...
Tags
Actor Quiz
Buffy the Vampire Slayer
Character
Today's Top Quizzes in Television
Browse Television
hide this ad
Today's Top Quizzes in Actor
Browse Actor
Top Contributed Quizzes in Television
1
Survivor Journey Challenge
2
Brooklyn Nine Nine Logic Puzzle (How-To-Play)
3
Phoebe Buffay Quotes
4
One Tree Hill Logic Puzzle
5
Survivor Logic Puzzle: Heroes vs. Villains
6
Survivor Trivia
7
Game of Thrones: Tywin Lannister Start to Finish
8
All US Survivor Seasons in Order
9
Emmerdale Characters (from August 2012)
10
Survivor Trivia #6: Criteria Quiz!
Explore More
Trending Topics
Disney
Crossword
Kpop
Marvel
Anime
Harry Potter
NBA
The Office
Country
Song
Soccer
Puzzle
Pokémon
WWE
NFL
hide this ad
More By:
lugosi
Quiz
Plays
Rating
Category
Featured
Created
Name the Buffy Characters
1,088
3.00
Television
Sep 25, 2009
80S GREATIES
886
3.33
Music
Apr 24, 2010
Go to Creator's Profile
Score Distribution
Quiz Creator Spotlight
lugosi
Follow
Send a Message
Quizzes Created
-
Created Quiz Play Count
-
More By This Creator
Popular Quizzes Today
1
Find the 'City' Movie
2
Colored Red Africa Blitz
3
Find the US States - No Outlines Minefield
4
5x2 Blitz: Bands
5
The Countries of the World
6
Find the US States
7
US States
8
9x9 Crossword: Cartoon Network
More Television Quizzes
Animals of Avatar: The Last Airbender
Quiz Lab
Trending Quizzes
Colored Red Europe Blitz I
Colored Red Africa Blitz II
Colored Red Europe Blitz II
Colored Red Europe Blitz III
Colored Red Africa Blitz III
Recently Updated
Famous TV Couples
Peacemaker
Champions League XIs: Real Madrid
pecheneg
Largest US Cities 1790-2010
pecheneg
Rides in Walt Disney World
pecheneg
Most Oscar Losses (Acting)
pecheneg
Beyoncé Albums
pecheneg
Leaping Animals
pecheneg
Reality TV Shows (A-Z)
bhenderson79
Rickey Henderson's Hall of Fame Teammates
pecheneg
Champions League XIs: Arsenal
pecheneg
Trending Topics
Kpop
NBA
Marvel
Crossword
Anime
Harry Potter
Disney
Country
Soccer
Pokémon
Puzzle
NFL
Song
The Office
WWE
Your Account Isn't Verified!
In order to create a playlist on Sporcle, you need to verify the email address you used during registration. Go to your
Sporcle Settings
to finish the process.
Report this User
Report this user for behavior that violates our
Community Guidelines
.
Details:
Send Report
Go to the Sporcle.com Mobile Site →
Comments